| 000 | 00920nam a22002777a 4500 | ||
|---|---|---|---|
| 001 | BR8302276 | ||
| 003 | BR-BrBNA | ||
| 005 | 20230928091641.0 | ||
| 007 | ta | ||
| 008 | 230509b bl.||||| |||| 00| 0 por d | ||
| 040 |
_aBR-BrBNA _bpor _cBiblioteca Nacional de Agricultura |
||
| 041 | _a(Por) | ||
| 072 |
_aE10 _b/G514 |
||
| 090 | _ E10 BR8302276 | ||
| 100 | 1 | _aAbreu, M. da G. | |
| 110 | 1 |
_aInstituto Nacional de Colonizacao e Reforma Agraria, Belo Horizonte, MG (Brasil). Coordenadoria Regional de Minas Gerais _96406 |
|
| 245 | 1 | _aHistorico da atuacao do INCRA em Minas Gerais e orgaos antecessores [Instituto Nacional de Colonizacao e Reforma Agraria, Brasil] | |
| 260 | 3 |
_aBelo Horizonte, MG (Brasil): _c1983. |
|
| 300 | _a104 p. | ||
| 500 | _a9 illus. | ||
| 650 | _aCOLONIZACAO | ||
| 650 | _aREFORMA AGRARIA | ||
| 650 | _aINSTITUICAO AGRICOLA | ||
| 909 |
_a202309 _bLucia _c55 _dLucia Elande |
||
| 942 | _cBK | ||
| 999 |
_c34846 _d34846 |
||